| 000 | 00602 a2200217 4500 | ||
|---|---|---|---|
| 999 |
_c11956 _d11956 |
||
| 003 | OSt | ||
| 005 | 20231116170654.0 | ||
| 008 | 231116b ||||| |||| 00| 0 eng d | ||
| 020 | _a 9780727730282 | ||
| 040 | _aBMSCA | ||
| 041 | _aeng | ||
| 082 |
_a388.4209 _bMIT |
||
| 100 | _aBOB,Mitchell | ||
| 245 |
_aJubilee Line Extension _b From Concept To Completion |
||
| 260 |
_bThomas Telford _c2003 _aLondon |
||
| 300 |
_bXVI,384p.: _c18cm. |
||
| 650 |
_2Jubilee Line Extension Project _zEngland--London |
||
| 650 | _2Subway stations | ||
| 650 | _2Subways--Design and construction | ||
| 942 | _2ddc | ||